<?xml version="1.0" encoding="UTF-8"?>
<collection xmlns="http://www.loc.gov/MARC21/slim">
 <record>
  <leader>02658cam a2200553   4500</leader>
  <controlfield tag="001">1613808208</controlfield>
  <controlfield tag="003">DE-627</controlfield>
  <controlfield tag="005">20230705143443.0</controlfield>
  <controlfield tag="007">tu</controlfield>
  <controlfield tag="008">850101s1983    xx |||||      00| ||ger c</controlfield>
  <datafield tag="020" ind1=" " ind2=" ">
   <subfield code="a">3799161066</subfield>
   <subfield code="9">3-7991-6106-6</subfield>
  </datafield>
  <datafield tag="035" ind1=" " ind2=" ">
   <subfield code="a">(DE-627)1613808208</subfield>
  </datafield>
  <datafield tag="035" ind1=" " ind2=" ">
   <subfield code="a">(DE-576)008871019</subfield>
  </datafield>
  <datafield tag="035" ind1=" " ind2=" ">
   <subfield code="a">(DE-599)BSZ008871019</subfield>
  </datafield>
  <datafield tag="035" ind1=" " ind2=" ">
   <subfield code="a">(OCoLC)230283655</subfield>
  </datafield>
  <datafield tag="035" ind1=" " ind2=" ">
   <subfield code="a">(OCoLC)230283655</subfield>
  </datafield>
  <datafield tag="035" ind1=" " ind2=" ">
   <subfield code="a">(DE-604)8000512605</subfield>
  </datafield>
  <datafield tag="040" ind1=" " ind2=" ">
   <subfield code="a">DE-627</subfield>
   <subfield code="b">ger</subfield>
   <subfield code="c">DE-627</subfield>
   <subfield code="e">rakwb</subfield>
  </datafield>
  <datafield tag="041" ind1=" " ind2=" ">
   <subfield code="a">ger</subfield>
  </datafield>
  <datafield tag="084" ind1=" " ind2=" ">
   <subfield code="a">9,10</subfield>
   <subfield code="2">ssgn</subfield>
  </datafield>
  <datafield tag="084" ind1=" " ind2=" ">
   <subfield code="a">LI 62950</subfield>
   <subfield code="2">rvk</subfield>
   <subfield code="0">(DE-625)rvk/96729:</subfield>
  </datafield>
  <datafield tag="084" ind1=" " ind2=" ">
   <subfield code="a">ZH 4800</subfield>
   <subfield code="2">rvk</subfield>
   <subfield code="0">(DE-625)rvk/156166:</subfield>
  </datafield>
  <datafield tag="100" ind1="1" ind2=" ">
   <subfield code="a">Reuther, Hans</subfield>
   <subfield code="d">1920-1989</subfield>
   <subfield code="0">(DE-588)141292679</subfield>
   <subfield code="0">(DE-627)626540267</subfield>
   <subfield code="0">(DE-576)162709102</subfield>
   <subfield code="4">aut</subfield>
  </datafield>
  <datafield tag="245" ind1="1" ind2="0">
   <subfield code="a">Balthasar Neumann</subfield>
   <subfield code="b">der mainfränkische Barockbaumeister</subfield>
   <subfield code="c">Hans Reuther. [Ill.] Balthasar Neumann</subfield>
  </datafield>
  <datafield tag="264" ind1=" " ind2="1">
   <subfield code="a">München</subfield>
   <subfield code="b">Süddt. Verl.</subfield>
   <subfield code="c">1983</subfield>
  </datafield>
  <datafield tag="300" ind1=" " ind2=" ">
   <subfield code="a">279 S.</subfield>
   <subfield code="b">zahlr. Ill.</subfield>
   <subfield code="e">1. Kt.</subfield>
  </datafield>
  <datafield tag="336" ind1=" " ind2=" ">
   <subfield code="a">Text</subfield>
   <subfield code="b">txt</subfield>
   <subfield code="2">rdacontent</subfield>
  </datafield>
  <datafield tag="337" ind1=" " ind2=" ">
   <subfield code="a">ohne Hilfsmittel zu benutzen</subfield>
   <subfield code="b">n</subfield>
   <subfield code="2">rdamedia</subfield>
  </datafield>
  <datafield tag="338" ind1=" " ind2=" ">
   <subfield code="a">Band</subfield>
   <subfield code="b">nc</subfield>
   <subfield code="2">rdacarrier</subfield>
  </datafield>
  <datafield tag="655" ind1=" " ind2="7">
   <subfield code="a">Werkverzeichnis</subfield>
   <subfield code="0">(DE-588)4189680-4</subfield>
   <subfield code="0">(DE-627)104464909</subfield>
   <subfield code="0">(DE-576)210061456</subfield>
   <subfield code="2">gnd-content</subfield>
  </datafield>
  <datafield tag="689" ind1="0" ind2="0">
   <subfield code="d">p</subfield>
   <subfield code="0">(DE-588)118587269</subfield>
   <subfield code="0">(DE-627)224483404</subfield>
   <subfield code="0">(DE-576)209047003</subfield>
   <subfield code="a">Neumann, Balthasar</subfield>
   <subfield code="d">1687-1753</subfield>
   <subfield code="2">gnd</subfield>
  </datafield>
  <datafield tag="689" ind1="0" ind2="1">
   <subfield code="d">s</subfield>
   <subfield code="0">(DE-588)4117633-9</subfield>
   <subfield code="0">(DE-627)105797715</subfield>
   <subfield code="0">(DE-576)209511613</subfield>
   <subfield code="a">Werk</subfield>
   <subfield code="2">gnd</subfield>
  </datafield>
  <datafield tag="689" ind1="0" ind2=" ">
   <subfield code="5">(DE-627)</subfield>
  </datafield>
  <datafield tag="689" ind1="1" ind2="0">
   <subfield code="d">p</subfield>
   <subfield code="0">(DE-588)118587269</subfield>
   <subfield code="0">(DE-627)224483404</subfield>
   <subfield code="0">(DE-576)209047003</subfield>
   <subfield code="a">Neumann, Balthasar</subfield>
   <subfield code="d">1687-1753</subfield>
   <subfield code="2">gnd</subfield>
  </datafield>
  <datafield tag="689" ind1="1" ind2=" ">
   <subfield code="5">(DE-627)</subfield>
  </datafield>
  <datafield tag="689" ind1="2" ind2="0">
   <subfield code="d">p</subfield>
   <subfield code="0">(DE-588)118587269</subfield>
   <subfield code="0">(DE-627)224483404</subfield>
   <subfield code="0">(DE-576)209047003</subfield>
   <subfield code="a">Neumann, Balthasar</subfield>
   <subfield code="d">1687-1753</subfield>
   <subfield code="2">gnd</subfield>
  </datafield>
  <datafield tag="689" ind1="2" ind2=" ">
   <subfield code="5">(DE-627)</subfield>
  </datafield>
  <datafield tag="700" ind1="1" ind2=" ">
   <subfield code="a">Neumann, Balthasar</subfield>
   <subfield code="d">1687-1753</subfield>
   <subfield code="e">Ill.</subfield>
   <subfield code="0">(DE-588)118587269</subfield>
   <subfield code="0">(DE-627)224483404</subfield>
   <subfield code="0">(DE-576)209047003</subfield>
   <subfield code="4">ill</subfield>
  </datafield>
  <datafield tag="787" ind1="0" ind2="8">
   <subfield code="i">Rezensiert in</subfield>
   <subfield code="a">Helmut-Eberhard, Paulus</subfield>
   <subfield code="t">[Rezension von: Hans Reuther, Balthasar Neumann. Der mainfränkische Barockbaumeister]</subfield>
   <subfield code="d">1984</subfield>
   <subfield code="w">(DE-627)1851822348</subfield>
  </datafield>
  <datafield tag="856" ind1="4" ind2="2">
   <subfield code="u">http://d-nb.info/830664556/04</subfield>
   <subfield code="m">B:DE-101</subfield>
   <subfield code="q">application/pdf</subfield>
   <subfield code="3">Inhaltsverzeichnis</subfield>
  </datafield>
  <datafield tag="936" ind1="r" ind2="v">
   <subfield code="a">LI 62950</subfield>
   <subfield code="b">Neumann, Balthasar</subfield>
   <subfield code="k">Künstler-Monografien</subfield>
   <subfield code="k">Alphabetische Künstlerliste</subfield>
   <subfield code="k">Künstler N</subfield>
   <subfield code="k">Neumann, Balthasar</subfield>
   <subfield code="0">(DE-627)1270765590</subfield>
   <subfield code="0">(DE-625)rvk/96729:</subfield>
   <subfield code="0">(DE-576)200765590</subfield>
  </datafield>
  <datafield tag="936" ind1="r" ind2="v">
   <subfield code="a">ZH 4800</subfield>
   <subfield code="b">Leben und Werk einzelner Architekten (CSN des Namens)</subfield>
   <subfield code="k">Architektur</subfield>
   <subfield code="k">Baugeschichte</subfield>
   <subfield code="k">Leben und Werk einzelner Architekten (CSN des Namens)</subfield>
   <subfield code="0">(DE-627)1270650939</subfield>
   <subfield code="0">(DE-625)rvk/156166:</subfield>
   <subfield code="0">(DE-576)200650939</subfield>
  </datafield>
  <datafield tag="951" ind1=" " ind2=" ">
   <subfield code="a">BO</subfield>
  </datafield>
  <datafield tag="990" ind1=" " ind2=" ">
   <subfield code="a">Neumann, Balthasar</subfield>
  </datafield>
  <datafield tag="990" ind1=" " ind2=" ">
   <subfield code="a">Werk</subfield>
  </datafield>
  <datafield tag="990" ind1=" " ind2=" ">
   <subfield code="a">Neumann, Balthasar</subfield>
  </datafield>
  <datafield tag="990" ind1=" " ind2=" ">
   <subfield code="a">Neumann, Balthasar</subfield>
  </datafield>
  <datafield tag="991" ind1=" " ind2=" ">
   <subfield code="a">Rezensiertes Werk</subfield>
  </datafield>
  <datafield tag="999" ind1=" " ind2=" ">
   <subfield code="a">KXP-PPN1613808208</subfield>
   <subfield code="e">4374046275</subfield>
  </datafield>
 </record>
</collection>
